| 000 | 00628nam a2200205 u 4500 | ||
|---|---|---|---|
| 005 | 20251001063848.0 | ||
| 008 | 161012s2004 mx r 000 0 spa d | ||
| 020 | _a9703207154 | ||
| 035 | _aUPN01000213928 | ||
| 049 | _aCG | ||
| 050 | 4 |
_aNK801 _bC7.3 |
|
| 245 | 0 | 0 |
_aCreatividad invisible : _bmujeres y arte popular en América Latina y el Caribe / _ccomp. Eli Bartra ; tr. Irene Artigas. |
| 260 |
_aMéxico : _bUNAM, _c2004. |
||
| 300 |
_a340 p. : _bil. |
||
| 650 | 4 |
_aARTE POPULAR - _zAMERICA LATINA _925432 |
|
| 650 | 2 |
_aMujeres artistas _925430 |
|
| 700 | 1 |
_aBartha, Eli, _ecomp. |
|
| 905 | _aLibro | ||
| 999 |
_c186028 _d186028 |
||